Statistics for Most Observed Birds

Click here to take the quiz!

General Stats

  • This quiz has been taken 23 times
  • The average score is 15 of 25

Answer Stats

HintAnswer% Correct
181,073American Robin
90%
141,727Rock Pigeon
90%
90,361Bald Eagle
85%
331,051Mallard
80%
122,473Mourning Dove
75%
150,714Northern Cardinal
75%
80,133American Goldfinch
70%
76,464Blue Jay
70%
97,545Dark-eyed Junco
70%
142,103House Finch
70%
192,700House Sparrow
70%
109,369Song Sparrow
70%
178,352Canada Goose
65%
162,808Red-tailed Hawk
65%
116,845Red-winged Blackbird
55%
108,994Turkey Vulture
55%
86,501Downy Woodpecker
45%
115,339European Starling
45%
104,411Yellow-rumped Warbler
45%
102,070Northern Mockingbird
40%
189,266Great Blue Heron
35%
160,286Great Egret
30%
77,534Snowy Egret
30%
81,205Osprey
25%
84,199Double-crested Cormorant
10%

Score Distribution

Percentile by Number Answered

Percent of People with Each Score

Your Score History

You have not taken this quiz